[Event "Tata Steel India Blitz w"]
[Site "Kolkata IND"]
[Date "2026.01.11"]
[Round "10.1"]
[White "Tsolakidou, Stavroula"]
[Black "Divya, Deshmukh"]
[Result "1/2-1/2"]
[WhiteTitle "IM"]
[BlackTitle "GM"]
[WhiteElo "2479"]
[BlackElo "2497"]
[WhiteFideId "4264312"]
[BlackFideId "35006916"]
[EventDate "2026.01.10"]

1. d4 d5 2. c4 dxc4 3. Nf3 Nf6 4. e3 Bg4 5. Bxc4 e6 6. h3 Bh5 7. Be2 Bd6 8. Nbd2
Nbd7 9. O-O O-O 10. Nc4 Ne4 11. Qc2 f5 12. b3 Nb6 13. Nfe5 Bxe2 14. Qxe2 Nd5 15.
Bb2 b5 16. Nxd6 cxd6 17. Nd3 b4 18. Rfc1 Qd7 19. f3 Nec3 20. Qd2 a5 21. Re1 Qb5
22. e4 fxe4 23. fxe4 Nf6 24. Bxc3 bxc3 25. Qxc3 Rac8 26. Qd2 Qb6 27. Nf2 Rc7 28.
Rad1 Rcf7 29. Re2 Nh5 30. Qe3 Qb5 31. Rc2 Nf4 32. Kh2 Qh5 33. Rdc1 e5 34. d5
Nxg2 35. Kxg2 Rf3 36. Qe1 Qg5+ 37. Kh1 Rxf2 38. Rxf2 Rxf2 39. Qxf2 Qxc1+ 40. Kg2
Qg5+ 41. Qg3 Qd2+ 42. Qf2 Qg5+ 43. Qg3 Qd2+ 44. Qf2 Qd3 45. Qf5 Qc2+ 46. Kg3
Qc3+ 47. Kg2 Qc2+ 48. Kg3 Qc3+ 49. Kg2 Qc2+ 1/2-1/2

[Event "Tata Steel India Blitz w"]
[Site "Kolkata IND"]
[Date "2026.01.11"]
[Round "10.2"]
[White "Vantika, Agrawal"]
[Black "Goryachkina, Aleksandra"]
[Result "1/2-1/2"]
[WhiteTitle "IM"]
[BlackTitle "GM"]
[WhiteElo "2375"]
[BlackElo "2534"]
[WhiteFideId "25050389"]
[BlackFideId "4147103"]
[EventDate "2026.01.10"]

1. d4 d5 2. c4 c6 3. Nf3 Nf6 4. e3 Bf5 5. Nc3 e6 6. Nh4 Bg6 7. Nxg6 hxg6 8. Bd2
Nbd7 9. a3 Be7 10. h4 a6 11. Qc2 Rc8 12. c5 e5 13. O-O-O Qc7 14. Kb1 a5 15. Na4
Ra8 16. Rc1 O-O 17. Be2 e4 18. g4 Rfc8 19. f4 exf3 20. Bxf3 b5 21. Nc3 b4 22.
Na4 bxa3 23. bxa3 Re8 24. Ka2 Bf8 25. g5 Ne4 26. h5 gxh5 27. Rxh5 g6 28. Rh4
Nxg5 29. Be2 Bg7 30. Rch1 Qg3 31. Rg4 Qf2 32. Qd1 Ne4 33. Rf1 Qh2 34. Rh1 Qf2
35. Rf1 Qh2 36. Rh1 Qc7 37. Qe1 Ndf6 38. Rgh4 Nxd2 39. Qxd2 Qg3 40. R4h3 Qf2 41.
R1h2 Qf5 42. Bd3 Ne4 43. Qc2 Qf6 44. Nb6 Rad8 45. Rh1 Ng5 46. Rg3 Ne4 47. Rgh3
Qe6 48. Qh2 Qf6 49. Be2 Ng5 50. Rg3 Ne4 51. Rh3 Ng5 52. Rg3 Ne4 53. Rh3 Ng5 54.
Rg3 1/2-1/2

[Event "Tata Steel India Blitz w"]
[Site "Kolkata IND"]
[Date "2026.01.11"]
[Round "10.3"]
[White "Yip, Carissa"]
[Black "Dronavalli, Harika"]
[Result "0-1"]
[WhiteTitle "IM"]
[BlackTitle "GM"]
[WhiteElo "2466"]
[BlackElo "2466"]
[WhiteFideId "2090732"]
[BlackFideId "5015197"]
[EventDate "2026.01.10"]

1. e4 e6 2. d3 d5 3. Nd2 Nc6 4. Ngf3 e5 5. g3 Nf6 6. Bg2 dxe4 7. dxe4 Bc5 8. O-O
a5 9. c3 Qd3 10. Ne1 Qd6 11. Qe2 b6 12. Nc4 Qe6 13. a4 Ba6 14. b3 O-O 15. Nc2
Rad8 16. Be3 Nd7 17. Rfd1 Ne7 18. Rab1 Bxc4 19. bxc4 Bxe3 20. Nxe3 Nc5 21. Nd5
Nxd5 22. cxd5 Qe8 23. d6 cxd6 24. Rxb6 Nxa4 25. Rb3 Qc6 26. Qd2 Nc5 27. Ra3 a4
28. Qd5 Qxd5 29. Rxd5 Rd7 30. Ra1 Ra8 31. Bh3 Rdd8 32. f3 Kf8 33. Ra3 Ke7 34.
Bf1 Rdb8 35. Rd1 Rb3 36. Rda1 Rab8 37. Bc4 Rxa3 38. Rxa3 Rb2 39. Bd5 g6 40. Bc6
Rb6 41. Bd5 f5 42. exf5 gxf5 43. Kg2 Kf6 44. h4 Rb2+ 45. Kh3 e4 46. fxe4 fxe4
47. c4 Rb3 48. Ra1 a3 49. Kg4 Ke5 50. Kg5 Rxg3+ 51. Kh6 Nd7 52. Kxh7 Nf6+ 53.
Kh6 Nxd5 54. cxd5 Kxd5 55. h5 Ke5 56. Kh7 d5 57. h6 d4 58. Kh8 Rh3 59. h7 Rg3
60. Rb1 d3 61. Rb7 a2 62. Ra7 d2 0-1

[Event "Tata Steel India Blitz w"]
[Site "Kolkata IND"]
[Date "2026.01.11"]
[Round "10.4"]
[White "Dzagnidze, Nana"]
[Black "Vaishali, Rameshbabu"]
[Result "1-0"]
[WhiteTitle "GM"]
[BlackTitle "GM"]
[WhiteElo "2469"]
[BlackElo "2470"]
[WhiteFideId "13601903"]
[BlackFideId "5091756"]
[EventDate "2026.01.10"]

1. d4 d5 2. c4 Nc6 3. e3 e5 4. dxe5 Nge7 5. Nc3 d4 6. exd4 Qxd4 7. Be3 Qxe5 8.
Nf3 Qa5 9. Bd3 Bf5 10. Bxf5 Nxf5 11. Bf4 Bd6 12. Qe2+ Nfe7 13. Bxd6 cxd6 14. O-O
O-O 15. Rad1 Rad8 16. a3 a6 17. h3 Ne5 18. Nd5 N7g6 19. Nd4 Qc5 20. b3 Rfe8 21.
Qb2 Qc8 22. Rfe1 h6 23. a4 Nf8 24. Qc3 Neg6 25. Qf3 Ne6 26. Nxe6 fxe6 27. Nc3
Rf8 28. Qe4 Nf4 29. Ne2 e5 30. Nxf4 Rxf4 31. Qd5+ Kh8 32. Rxe5 Rxf2 33. Re7 Rf6
34. Rxb7 Re8 35. Rb6 Re5 36. Qd4 Qf5 37. Rxd6 Rxd6 38. Qxd6 Qf4 39. Qd8+ Kh7 40.
Qd3+ Kh8 41. Rf1 Qg5 42. Rf8# 1-0

[Event "Tata Steel India Blitz w"]
[Site "Kolkata IND"]
[Date "2026.01.11"]
[Round "10.5"]
[White "Rakshitta, Ravi"]
[Black "Lagno, Kateryna"]
[Result "1-0"]
[WhiteTitle "WGM"]
[BlackTitle "GM"]
[WhiteElo "2321"]
[BlackElo "2508"]
[WhiteFideId "25073230"]
[BlackFideId "14109336"]
[EventDate "2026.01.10"]

1. e4 e5 2. Nf3 Nc6 3. Nc3 Nf6 4. d4 exd4 5. Nxd4 Bb4 6. Nxc6 bxc6 7. Bd3 d5 8.
exd5 cxd5 9. O-O O-O 10. h3 Bb7 11. Bg5 Be7 12. Qf3 Rb8 13. Rfe1 h6 14. Bh4 d4
15. Ne4 Nxe4 16. Bxe7 Qxe7 17. Bxe4 Bxe4 18. Rxe4 Qd6 19. b3 c5 20. Rae1 a5 21.
a4 d3 22. Qxd3 Qxd3 23. cxd3 Rxb3 24. Rc1 Rc8 25. Rec4 Rxd3 26. Rxc5 Rd1+ 27.
Rxd1 Rxc5 28. Rd4 g6 29. g3 Kg7 30. Kg2 Kf6 31. Kf3 Rc3+ 32. Ke4 Ke6 33. h4 Rc2
34. Ke3 Ra2 35. Re4+ Kd5 36. Rd4+ Ke5 37. Re4+ Kf6 38. Rf4+ Ke6 39. Re4+ Kd6 40.
Rd4+ Kc5 41. Rf4 Ra3+ 42. Ke2 f5 43. h5 gxh5 44. Rxf5+ Kb4 45. Rf4+ Kc5 46. Rh4
Kd6 47. Rxh5 Rxa4 48. Rxh6+ Ke5 49. Rh5+ Kf6 50. f4 Ra3 51. Kf2 a4 52. Ra5 Ke6
53. Kg2 Ra1 54. Kf3 a3 55. Ra6+ Kf7 56. Kg4 a2 57. Ra3 Kf6 58. f5 Rb1 59. Ra6+
Ke5 60. Rxa2 1-0

[Event "Tata Steel India Blitz w"]
[Site "Kolkata IND"]
[Date "2026.01.11"]
[Round "11.1"]
[White "Dzagnidze, Nana"]
[Black "Rakshitta, Ravi"]
[Result "0-1"]
[WhiteTitle "GM"]
[BlackTitle "WGM"]
[WhiteElo "2469"]
[BlackElo "2321"]
[WhiteFideId "13601903"]
[BlackFideId "25073230"]
[EventDate "2026.01.10"]

1. c4 Nf6 2. Nc3 c5 3. Nf3 e6 4. g3 d5 5. cxd5 exd5 6. d4 Nc6 7. Bg2 cxd4 8.
Nxd4 Bc5 9. Nb3 Bb6 10. O-O d4 11. Na4 O-O 12. Bf4 Re8 13. Rc1 Bg4 14. Re1 Nd5
15. Qd2 Nxf4 16. Qxf4 Bxe2 17. Nxb6 axb6 18. Bxc6 bxc6 19. Nxd4 Ra4 20. Nxc6
Rxf4 21. Nxd8 Rfe4 22. Nc6 g6 23. a3 Bf3 24. Rxe4 Rxe4 25. Nb4 Re2 26. Nd3 Kg7
27. h3 Be4 28. Nb4 Rxb2 29. Kf1 Rb3 30. Ra1 h5 31. Ke2 Bf3+ 32. Kd2 g5 33. Nc2
Rb5 34. Nd4 Rb2+ 35. Ke3 Bb7 36. Rc1 Kg6 37. Rc3 f6 38. Ne6 Rb1 39. h4 Ba6 40.
Nd4 Re1+ 41. Kd2 Rf1 42. hxg5 Rxf2+ 43. Ke3 Rg2 44. gxf6 Rxg3+ 45. Kd2 Rxc3 46.
Kxc3 h4 47. Kd2 h3 48. Nf3 Bb7 49. Nh2 Kxf6 50. Ke3 Kg5 51. Kf2 Kf4 52. Nf1 Ke4
53. Kg3 Bc8 54. Nd2+ Kd4 55. Nf3+ Kc3 56. Ne5 Kb3 57. Kh2 Be6 58. Kg3 Kxa3 59.
Nf3 Bd7 60. Nd4 Kb4 61. Nf3 Kc3 62. Ne5 Be6 63. Ng6 b5 64. Nf4 Bd7 65. Nd5+ Kd4
66. Nf6 Bc8 67. Ne8 Kc5 68. Nf6 b4 69. Ne4+ Kd4 70. Nd2 Kc3 71. Ne4+ Kd4 72. Nd2
Be6 73. Kh2 Kd3 74. Nf3 b3 75. Ne5+ Kd4 76. Nf3+ Kc3 77. Ng5 Bf5 0-1

[Event "Tata Steel India Blitz w"]
[Site "Kolkata IND"]
[Date "2026.01.11"]
[Round "11.2"]
[White "Dronavalli, Harika"]
[Black "Tsolakidou, Stavroula"]
[Result "1/2-1/2"]
[WhiteTitle "GM"]
[BlackTitle "IM"]
[WhiteElo "2466"]
[BlackElo "2479"]
[WhiteFideId "5015197"]
[BlackFideId "4264312"]
[EventDate "2026.01.10"]

1. e4 e6 2. d3 d5 3. Nd2 c5 4. g3 Nc6 5. Bg2 Nf6 6. Ngf3 Be7 7. O-O h6 8. Re1
O-O 9. e5 Nh7 10. c3 f5 11. exf6 Bxf6 12. Nb3 b6 13. d4 c4 14. Nbd2 Re8 15. Nf1
Bb7 16. Ne3 Ne7 17. Ng4 Nf5 18. Bf4 b5 19. Nfe5 a5 20. Nxf6+ Nxf6 21. Qe2 Qc8
22. Ng4 Ne4 23. f3 Ned6 24. Bxd6 Nxd6 25. f4 b4 26. Nf2 Qc7 27. Bh3 Ne4 28. Nxe4
dxe4 29. Bg2 Rab8 30. Bxe4 Bxe4 31. Qxe4 bxc3 32. bxc3 Rb2 33. Re2 Qb6 34. Rae1
a4 35. Qg6 Rf8 36. Rxb2 Qxb2 37. Qxe6+ Kh8 38. Qxc4 Qd2 39. Re2 Qd1+ 40. Kg2 Rb8
41. h4 a3 42. Rf2 Rb2 43. Qc8+ Kh7 44. Qf5+ Kh8 45. Qf8+ Kh7 46. Qf5+ Kh8 47.
Qf8+ Kh7 48. Qf5+ 1/2-1/2

[Event "Tata Steel India Blitz w"]
[Site "Kolkata IND"]
[Date "2026.01.11"]
[Round "11.3"]
[White "Divya, Deshmukh"]
[Black "Vantika, Agrawal"]
[Result "1-0"]
[WhiteTitle "GM"]
[BlackTitle "IM"]
[WhiteElo "2497"]
[BlackElo "2375"]
[WhiteFideId "35006916"]
[BlackFideId "25050389"]
[EventDate "2026.01.10"]

1. d4 Nf6 2. g3 d5 3. Bg2 c5 4. Nf3 cxd4 5. O-O h6 6. Bf4 e6 7. Nxd4 Be7 8. c4
O-O 9. Qd2 dxc4 10. Nb5 Nc6 11. N1a3 Qxd2 12. Bxd2 a6 13. Nc3 Bxa3 14. bxa3 Rd8
15. Be3 Bd7 16. Bb6 Rdc8 17. Rfd1 Be8 18. Rab1 Nd7 19. Be3 Rab8 20. Ne4 Rd8 21.
Nd6 Nf6 22. Bb6 Rd7 23. Nxc4 Nd5 24. Kf1 f6 25. Bc5 Rbd8 26. Rdc1 Bf7 27. e4
Nde7 28. Bb6 Re8 29. Rd1 Rxd1+ 30. Rxd1 e5 31. Nd6 Rf8 32. Nxf7 Rxf7 33. Bh3 f5
34. exf5 Nxf5 35. Bg2 Kh7 36. Be4 g6 37. Kg2 Nfd4 38. Bc5 h5 39. h4 Kg7 40. Bd6
Rd7 41. Bc5 Rf7 42. Bd6 Nb5 43. Bxc6 Nxd6 44. Rxd6 bxc6 45. Rxc6 Rf6 46. Rc7+
Kh6 47. Re7 Rf5 48. Re6 a5 49. Ra6 e4 50. Re6 Rc5 51. Rxe4 Kg7 52. Re6 Kf7 53.
Rb6 Kg7 54. Kg1 Rc1+ 55. Kg2 Rc5 56. Rb2 Kf6 57. Rb3 Kf7 58. Re3 Kf6 59. Re2 Kf7
60. Rb2 Kf6 61. Rb6+ Kf7 62. Rb3 Kf6 63. Rf3+ Kg7 64. Rf4 Rd5 65. Rc4 Kf6 66. a4
Kf7 67. Kf3 Rd3+ 68. Kf4 Ra3 69. Kg5 Rxa2 70. f4 Ra3 71. Rc7+ Kg8 72. Kxg6 Rxg3+
73. Kxh5 Ra3 74. Rc4 Kg7 75. Kg5 Rg3+ 76. Kf5 Rh3 77. Kg4 Ra3 78. Rc7+ Kh6 79.
Rc6+ Kg7 80. Rc4 Ra1 81. Kf5 Kh6 82. Kf6 Kh5 83. f5 Ra3 84. Kf7 Kh6 85. f6 Rb3
86. Rc5 Rb7+ 87. Ke6 Rb6+ 88. Kf5 Rb4 89. Rxa5 Rxh4 90. Ra8 Rh5+ 91. Ke6 Rc5 92.
f7 Kh7 93. Rh8+ Kg6 94. f8=Q Rc6+ 95. Kd5 Ra6 96. Rg8+ Kh5 97. Qf5+ Kh4 98. Qg4# 1-0

[Event "Tata Steel India Blitz w"]
[Site "Kolkata IND"]
[Date "2026.01.11"]
[Round "11.4"]
[White "Goryachkina, Aleksandra"]
[Black "Lagno, Kateryna"]
[Result "0-1"]
[WhiteTitle "GM"]
[BlackTitle "GM"]
[WhiteElo "2534"]
[BlackElo "2508"]
[WhiteFideId "4147103"]
[BlackFideId "14109336"]
[EventDate "2026.01.10"]

1. d4 d5 2. c4 e6 3. Nf3 Nf6 4. Nc3 Be7 5. Bf4 O-O 6. e3 b6 7. cxd5 Nxd5 8. Nxd5
Qxd5 9. a3 Ba6 10. Bxa6 Nxa6 11. O-O Qb7 12. b4 c5 13. b5 Nc7 14. Qb3 a6 15. a4
axb5 16. axb5 Nd5 17. Be5 Rfc8 18. dxc5 bxc5 19. Qc4 Nb6 20. Qg4 Bf8 21. Ng5 h6
22. Nf3 c4 23. Rac1 Ra4 24. Qg3 Nd7 25. Nd4 Qd5 26. Nc6 Nxe5 27. Qxe5 Qxe5 28.
Nxe5 Rc5 29. f4 f6 30. Nf3 Rxb5 31. Nd4 Rb6 32. Rc2 e5 33. fxe5 fxe5 34. Nf3 Bc5
35. Re1 Rb3 36. Nxe5 Bxe3+ 37. Kf1 Bf4 38. Rxc4 Rxc4 39. Nxc4 Bxh2 40. Nd2 Rb2
41. Nf3 Bg3 42. Rd1 Kh7 43. Kg1 Ra2 44. Kf1 g5 45. Rd2 Ra1+ 46. Ke2 Bf4 47. Rc2
Kg6 48. Rc6+ Kh5 49. Nd4 Ra2+ 50. Kf3 Ra3+ 51. Ke2 Kg4 52. Rxh6 Ra2+ 53. Kd3
Rxg2 54. Ne6 Rd2+ 55. Kc4 Rd6 56. Rg6 Kf5 57. Nxf4 Rxg6 58. Nxg6 Kxg6 59. Kd4
Kf5 0-1

[Event "Tata Steel India Blitz w"]
[Site "Kolkata IND"]
[Date "2026.01.11"]
[Round "11.5"]
[White "Vaishali, Rameshbabu"]
[Black "Yip, Carissa"]
[Result "0-1"]
[WhiteTitle "GM"]
[BlackTitle "IM"]
[WhiteElo "2470"]
[BlackElo "2466"]
[WhiteFideId "5091756"]
[BlackFideId "2090732"]
[EventDate "2026.01.10"]

1. e4 g6 2. d4 Bg7 3. Nc3 d6 4. Be3 a6 5. Nf3 b5 6. Bd3 Nd7 7. Ne2 Bb7 8. h3
Ngf6 9. Ng3 O-O 10. Qd2 c5 11. c3 Re8 12. O-O e5 13. d5 Bxd5 14. exd5 e4 15.
Nxe4 Nxe4 16. Qc2 Ndf6 17. Rfe1 c4 18. Bxe4 Nxe4 19. Bd4 Nc5 20. Rxe8+ Qxe8 21.
Re1 Qd7 22. Re3 Nd3 23. b3 Re8 24. Rxe8+ Qxe8 25. bxc4 bxc4 26. Qb1 Nf4 27. Kh2
Nxd5 28. Bxg7 Kxg7 29. Qb7 Qb5 30. Qa8 Nxc3 31. Qd8 Ne4 32. Qc7 Qc5 33. Qe7 Nxf2
34. h4 Ng4+ 35. Kg3 h5 36. Kh3 Qf5 37. Kg3 c3 38. Qxd6 Nf6 39. Qd4 Qg4+ 40. Qxg4
Nxg4 41. Nd4 Ne3 42. Kf3 c2 43. Ne2 Nd5 44. Nc1 Nc3 45. Ke3 Kf6 46. Kd4 Nb5+ 47.
Kc5 Ke5 48. a4 Na3 49. a5 Ke4 50. Kb4 Nb1 51. Kb3 Nd2+ 52. Kxc2 Nc4 53. Nb3 Ne3+
54. Kc3 Kd5 55. g3 Nf5 56. Nc1 Nxg3 57. Nd3 Nf5 58. Nb4+ Kc5 59. Nxa6+ Kb5 60.
Nb8 Kxa5 61. Nc6+ Kb6 62. Ne5 Nxh4 63. Nxf7 Kc5 64. Kd3 Kd5 65. Ke3 Ke6 66. Ng5+
Kf5 67. Nf7 g5 68. Nd6+ Ke5 69. Nf7+ Kf6 70. Nd8 Ng6 71. Ke4 Ne5 72. Nb7 g4 73.
Kf4 Ng6+ 74. Kg3 Kg5 75. Nd6 h4+ 76. Kh2 Kf4 77. Nc4 Ne5 78. Nb6 h3 79. Nd5+ Kf3
80. Nf6 Ng6 81. Nh5 Nf4 82. Ng3 Ne2 83. Nf1 Kf2 84. Ng3 Nd4 85. Ne4+ Ke3 86. Nf6
Kf3 87. Nh5 Nf5 88. Nf6 Ne3 89. Nh5 Nf1+ 90. Kg1 Ng3 91. Nf6 Ne2+ 92. Kh1 g3 93.
Nh5 g2+ 94. Kh2 g1=Q+ 0-1

[Event "Tata Steel India Blitz w"]
[Site "Kolkata IND"]
[Date "2026.01.11"]
[Round "12.1"]
[White "Tsolakidou, Stavroula"]
[Black "Vaishali, Rameshbabu"]
[Result "0-1"]
[WhiteTitle "IM"]
[BlackTitle "GM"]
[WhiteElo "2479"]
[BlackElo "2470"]
[WhiteFideId "4264312"]
[BlackFideId "5091756"]
[EventDate "2026.01.10"]

1. e4 Nc6 2. d4 d6 3. d5 Nb8 4. c4 g6 5. Bd3 Bg7 6. Ne2 Nf6 7. O-O O-O 8. Nbc3
c6 9. b3 a6 10. a4 a5 11. Bb2 Na6 12. Ng3 h5 13. h3 Nc5 14. Re1 h4 15. Nf1 Nh5
16. Bc2 e5 17. dxe6 Bxe6 18. Qd2 Be5 19. Nd1 Qf6 20. Bxe5 dxe5 21. b4 Rfd8 22.
Qc3 Na6 23. bxa5 Nf4 24. Qe3 Nb4 25. Rc1 Qg5 26. g3 Nxc2 27. Rxc2 Rd3 28. Qc1
hxg3 29. Nxg3 Nxh3+ 30. Kf1 Nf4 31. Ne3 Qh6 32. Kg1 Qh3 33. Rb2 Bg4 34. f3 Qxg3+ 0-1

[Event "Tata Steel India Blitz w"]
[Site "Kolkata IND"]
[Date "2026.01.11"]
[Round "12.2"]
[White "Yip, Carissa"]
[Black "Dzagnidze, Nana"]
[Result "1/2-1/2"]
[WhiteTitle "IM"]
[BlackTitle "GM"]
[WhiteElo "2466"]
[BlackElo "2469"]
[WhiteFideId "2090732"]
[BlackFideId "13601903"]
[EventDate "2026.01.10"]

1. e4 c5 2. Nf3 a6 3. c3 d5 4. exd5 Qxd5 5. d4 Nf6 6. Be3 cxd4 7. cxd4 e6 8. Nc3
Qd8 9. Bc4 Be7 10. O-O b5 11. Bb3 Bb7 12. Rc1 O-O 13. Ne5 Nbd7 14. Qe2 Nb6 15.
Rfd1 h6 16. Bc2 b4 17. Na4 Nxa4 18. Bxa4 Qd5 19. Nc6 Bd6 20. Bf4 Kh8 21. Bb3 Qe4
22. Qxe4 Nxe4 23. Bxd6 Nxd6 24. Nxb4 a5 25. Nd3 a4 26. Bc2 Bd5 27. Nb4 Rfb8 28.
Nxd5 exd5 29. b3 g6 30. bxa4 Rb4 31. Bb3 Nc4 32. Bxc4 dxc4 33. d5 Rbxa4 34. d6
Rd8 35. Rc2 Kg7 36. Rd4 Ra6 37. d7 Ra7 38. Kf1 Kf6 39. Ke2 Ke7 40. Rdxc4 Rdxd7
41. Re4+ Kf6 42. a4 Rd5 43. Rc6+ Kg7 44. Ke3 h5 45. Rc3 Rda5 46. Rcc4 Rb7 47.
Rb4 Rd7 48. Red4 Rc7 49. Kd3 Ra8 50. Rbc4 Rb7 51. Kc3 Rb1 52. Rb4 Rc1+ 53. Kb2
Rg1 54. g3 Rg2 55. Rd2 Rxh2 56. Kb3 Rh1 57. Ra2 Rb1+ 58. Ka3 Rd1 59. Kb3 Rb1+
60. Ka3 Rc1 61. Kb3 Rb1+ 62. Ka3 Rf1 63. Kb3 Rb1+ 64. Ka3 Rd1 65. Kb3 Rd3+ 66.
Kc4 Rd7 67. a5 Rc7+ 68. Kb3 Rca7 69. Rb5 Kh6 70. Kb4 f5 71. Rb6 Re8 72. a6 Re4+
73. Kc5 Re5+ 74. Kd6 Re8 75. Rb7 Raa8 76. a7 Rad8+ 77. Rd7 Rc8 78. Rc7 Rcd8+ 79.
Kc6 Kg5 80. Rd7 Rxd7 81. Kxd7 Ra8 82. Kc7 f4 83. Kb7 Rf8 84. a8=Q Rxa8 85. Rxa8
fxg3 86. fxg3 Kg4 87. Ra3 g5 88. Kc6 h4 89. gxh4 gxh4 90. Kd5 h3 91. Ra8 Kf3 92.
Rh8 Kg2 93. Ke4 h2 94. Rg8+ Kf2 95. Rh8 Kg2 96. Rg8+ 1/2-1/2

[Event "Tata Steel India Blitz w"]
[Site "Kolkata IND"]
[Date "2026.01.11"]
[Round "12.3"]
[White "Rakshitta, Ravi"]
[Black "Goryachkina, Aleksandra"]
[Result "1-0"]
[WhiteTitle "WGM"]
[BlackTitle "GM"]
[WhiteElo "2321"]
[BlackElo "2534"]
[WhiteFideId "25073230"]
[BlackFideId "4147103"]
[EventDate "2026.01.10"]

1. e4 e5 2. Nf3 Nc6 3. Nc3 Nf6 4. d4 exd4 5. Nxd4 Bb4 6. Nxc6 bxc6 7. Bd3 d5 8.
exd5 cxd5 9. O-O O-O 10. h3 c6 11. Qf3 Re8 12. Bf4 Be6 13. Rad1 Bd6 14. Ne2 Rb8
15. b3 Bxf4 16. Nxf4 Qa5 17. a4 Ne4 18. Bxe4 dxe4 19. Qe3 c5 20. Rd6 Qc7 21.
Rfd1 Bf5 22. R6d5 Bg6 23. Rxc5 Qe7 24. Rcd5 Qc7 25. R1d2 Re7 26. Nxg6 hxg6 27.
Qc5 Rc8 28. Rd8+ Rxd8 29. Qxc7 Rxc7 30. Rxd8+ Kh7 31. Rd2 g5 32. Kf1 f5 33. Ke2
f4 34. c4 Rb7 35. Rb2 a5 36. c5 Rc7 37. Rc2 Rc6 38. Rc4 Kg6 39. Kd2 Kf5 40. Kc3
Ke5 41. b4 axb4+ 42. Kxb4 Kd5 43. Rc1 Rc8 44. Rd1+ Ke5 45. Kb5 Rb8+ 46. Kc6 Rb2
47. a5 Rxf2 48. Ra1 Rd2 49. a6 Rd8 50. a7 f3 51. gxf3 exf3 52. a8=Q Rxa8 53.
Rxa8 Kf4 54. Rf8+ Kg3 55. Kd5 1-0

[Event "Tata Steel India Blitz w"]
[Site "Kolkata IND"]
[Date "2026.01.11"]
[Round "12.4"]
[White "Vantika, Agrawal"]
[Black "Dronavalli, Harika"]
[Result "0-1"]
[WhiteTitle "IM"]
[BlackTitle "GM"]
[WhiteElo "2375"]
[BlackElo "2466"]
[WhiteFideId "25050389"]
[BlackFideId "5015197"]
[EventDate "2026.01.10"]

1. d4 g6 2. c4 Bg7 3. e4 d6 4. Nc3 Nc6 5. d5 Nd4 6. Be3 c5 7. dxc6 Nxc6 8. Qd2
Be6 9. Rc1 Qa5 10. b3 Nf6 11. h3 O-O 12. Nf3 Rfc8 13. Be2 a6 14. Nd5 Qxd2+ 15.
Nxd2 Bxd5 16. exd5 Ne5 17. f4 Nxd5 18. Kf2 Nxe3 19. Kxe3 Nd7 20. Bf3 Rab8 21.
Rhd1 Nc5 22. Ne4 Nxe4 23. Bxe4 Bb2 24. Rc2 Ba3 25. g4 b5 26. cxb5 Rxc2 27. Bxc2
axb5 28. Bd3 Bc5+ 29. Kf3 b4 30. f5 Ra8 31. Rd2 Kg7 32. Be4 Ra7 33. fxg6 hxg6
34. h4 e6 35. Bd3 f5 36. gxf5 gxf5 37. Rg2+ Kf6 38. h5 Rg7 39. Rxg7 Kxg7 40. Bb5
Kf6 41. Bd7 e5 42. h6 Bd4 43. h7 e4+ 44. Kf4 Be5+ 45. Ke3 Kg5 46. Be6 Kg6 47.
Ke2 f4 48. Bd5 Kf5 49. Bc6 Bd4 50. Bd7+ Kg5 51. Bc6 f3+ 52. Kf1 Kf4 53. Bb5 Bc3
54. Ba6 d5 55. Bb5 e3 56. Bd3 Kg5 57. Bb5 Kh6 58. Bd3 e2+ 59. Bxe2 fxe2+ 60.
Kxe2 Kxh7 61. Kd3 Bb2 62. Kc2 Be5 63. Kd3 Kg6 64. Kc2 Kf5 65. Kd3 Kf4 66. Kc2
Ke4 67. Kd2 Bc3+ 68. Kc2 Bf6 69. Kd2 d4 70. Ke2 d3+ 71. Kd2 Kd4 72. Kd1 Kc3 73.
Kc1 Bg5+ 74. Kd1 Kb2 75. a4 bxa3 76. Ke1 a2 77. Kf2 a1=Q 78. b4 Qc1 79. b5 Qe3+ 0-1

[Event "Tata Steel India Blitz w"]
[Site "Kolkata IND"]
[Date "2026.01.11"]
[Round "12.5"]
[White "Lagno, Kateryna"]
[Black "Divya, Deshmukh"]
[Result "1-0"]
[WhiteTitle "GM"]
[BlackTitle "GM"]
[WhiteElo "2508"]
[BlackElo "2497"]
[WhiteFideId "14109336"]
[BlackFideId "35006916"]
[EventDate "2026.01.10"]

1. e4 e5 2. Nf3 d6 3. d4 exd4 4. Nxd4 Nf6 5. Nc3 Be7 6. Nde2 O-O 7. g3 Re8 8.
Bg2 c6 9. O-O Bf8 10. a4 a5 11. h3 Na6 12. g4 h6 13. Ng3 Nb4 14. f4 d5 15. e5 d4
16. Nce4 Nxe4 17. Nxe4 Be6 18. Rf2 c5 19. f5 Bd5 20. Bf4 Nc6 21. e6 fxe6 22. f6
e5 23. Bg3 Kh8 24. Qd2 g6 25. f7 Re7 26. Raf1 b6 27. Bh4 Qc7 28. Bf6+ Kh7 29.
Ng5+ hxg5 30. Qxg5 Rxf7 31. Bxd5 Bh6 32. Qh4 Raf8 33. g5 1-0

[Event "Tata Steel India Blitz w"]
[Site "Kolkata IND"]
[Date "2026.01.11"]
[Round "13.1"]
[White "Divya, Deshmukh"]
[Black "Goryachkina, Aleksandra"]
[Result "0-1"]
[WhiteTitle "GM"]
[BlackTitle "GM"]
[WhiteElo "2497"]
[BlackElo "2534"]
[WhiteFideId "35006916"]
[BlackFideId "4147103"]
[EventDate "2026.01.10"]

1. e4 c5 2. c3 d5 3. exd5 Qxd5 4. d4 Nf6 5. Nf3 e6 6. Na3 a6 7. Nc4 Nbd7 8. Be2
Be7 9. Nfd2 cxd4 10. Bf3 Qc5 11. O-O O-O 12. b4 Qc7 13. cxd4 Nb6 14. Qb3 Bd7 15.
a4 Nxc4 16. Qxc4 Qxc4 17. Nxc4 Bxb4 18. Bxb7 Ra7 19. Bf3 Bc3 20. Ra2 Bxd4 21.
Ba3 Rc8 22. Nd6 Rb8 23. Rd2 e5 24. a5 Be6 25. Ne4 Nxe4 26. Bxe4 Bc3 27. Rc2 Bxa5
28. Bd6 Re8 29. Bxe5 Bb3 30. Rcc1 f6 31. Bd4 Rc7 32. Bf3 Rxc1 33. Rxc1 Re1+ 34.
Rxe1 Bxe1 35. Kf1 Bb4 36. Ke2 Kf7 37. Kd3 Ke6 38. Bg4+ Kd6 39. h4 a5 40. h5 h6
41. Bf5 a4 42. Ba1 Bc5 43. f3 Kc6 44. g4 Bd6 45. Be4+ Kb5 46. Bg6 Be5 47. Be8+
Kc5 48. Bxe5 fxe5 49. Kc3 Bd5 0-1

[Event "Tata Steel India Blitz w"]
[Site "Kolkata IND"]
[Date "2026.01.11"]
[Round "13.2"]
[White "Dronavalli, Harika"]
[Black "Lagno, Kateryna"]
[Result "1/2-1/2"]
[WhiteTitle "GM"]
[BlackTitle "GM"]
[WhiteElo "2466"]
[BlackElo "2508"]
[WhiteFideId "5015197"]
[BlackFideId "14109336"]
[EventDate "2026.01.10"]

1. e4 e5 2. Nf3 Nc6 3. Nc3 Nf6 4. Nd5 Be7 5. d4 exd4 6. Nxd4 O-O 7. Nxc6 bxc6 8.
Nxf6+ Bxf6 9. Bd3 d5 10. O-O Rb8 11. e5 Be7 12. f4 f5 13. Kh1 c5 14. b3 Be6 15.
Qe2 Qd7 16. Be3 a5 17. a4 c6 18. Rad1 Qc7 19. Qf2 d4 20. Bd2 c4 21. Bxc4 Bxc4
22. bxc4 c5 23. Qf3 Rb2 24. Qd3 Qd7 25. Ra1 Bd8 26. h3 Qb7 27. Rfc1 Bc7 28. Qf3
Qxf3 29. gxf3 Kf7 30. Be1 Ke6 31. Ra3 Rfb8 32. Kg1 h6 33. h4 g5 34. hxg5 hxg5
35. Bg3 Rb1 36. Rxb1 Rxb1+ 37. Kg2 gxf4 38. Bxf4 Rb2 39. Rb3 Rxb3 40. cxb3 Bxe5
41. Bd2 Bc7 42. f4 Kf6 43. Kf3 Kg6 44. Kg3 Kh5 45. Kh3 Bd8 46. Kg3 1/2-1/2

[Event "Tata Steel India Blitz w"]
[Site "Kolkata IND"]
[Date "2026.01.11"]
[Round "13.3"]
[White "Vaishali, Rameshbabu"]
[Black "Vantika, Agrawal"]
[Result "0-1"]
[WhiteTitle "GM"]
[BlackTitle "IM"]
[WhiteElo "2470"]
[BlackElo "2375"]
[WhiteFideId "5091756"]
[BlackFideId "25050389"]
[EventDate "2026.01.10"]

1. d4 Nf6 2. Nf3 d5 3. e3 e6 4. Nbd2 c5 5. b3 Nc6 6. Bb2 Bd6 7. Bd3 O-O 8. O-O
Qc7 9. c4 cxd4 10. exd4 dxc4 11. bxc4 Be7 12. Re1 b6 13. Ne5 Bb7 14. Ndf3 Rad8
15. a3 h6 16. Qe2 Nxe5 17. Nxe5 Nd7 18. Ng4 Bg5 19. Rad1 Rfe8 20. Bb1 Nf6 21.
Ne5 Nd7 22. Qc2 Nf8 23. h3 Bf6 24. Ng4 Bg5 25. a4 h5 26. Ne5 Bf6 27. Ba3 g6 28.
Ba2 Bg7 29. Rd3 Nd7 30. Rde3 Nxe5 31. dxe5 Qc6 32. f3 Rd7 33. Kh1 Red8 34. Bd6
Bf8 35. Bxf8 Kxf8 36. Qc3 Rd2 37. Bb1 Qc5 38. Be4 Bxe4 39. Rxe4 Qf2 40. Rg1 Rc2
41. Qb4+ Kg8 42. Qe7 Rd1 43. Qe8+ Kg7 0-1